| 000 | 00862nam a22002057a 4500 | ||
|---|---|---|---|
| 999 |
_c1626 _d1626 |
||
| 003 | AR-CdUCM | ||
| 008 | 190227b ||||| |||| 00| 0 spa d | ||
| 040 |
_aMUNICIPALIDAD PROVINCIAL DEL CUSCO _cBIBLIOTECA MUNICIPAL DEL CUSCO |
||
| 082 |
_a985.613 / _bB34 |
||
| 100 |
_aBejar Quispe, José _96070 |
||
| 245 | _aHistoria de lucre / | ||
| 260 |
_aCusco : _bJosé Bejar Quispe, _c2003. |
||
| 300 |
_a148 páginas ; _c20 cm. _bilustraciones, |
||
| 505 | _aContenido: Información general de Lucre -- Origen onomatopeyico de los vocablos: Lucre y de otros lugares que comprende el distrito -- Lucre en la época del pre-inkaico -- Lucre en el inkanato -- Lucre en la colonia -- Lucre en la época republicana ... | ||
| 650 |
_aHistoria colonial _96071 |
||
| 650 |
_aLucre _96072 |
||
| 650 |
_aQuispicanchi _96073 |
||
| 942 |
_2ddc _cLIBROS |
||
| 945 |
_araen _d2019-02-27 |
||